| 000 | 01223nam a2200337Ia 4500 | ||
|---|---|---|---|
| 001 | ebr10256919 | ||
| 003 | CaPaEBR | ||
| 006 | m u | ||
| 007 | cr cn||||||||| | ||
| 008 | 050425s2006 enk sd 001 0 eng d | ||
| 010 | _z 2006276136 | ||
| 020 | _z0761941150 | ||
| 020 | _z9780761941156 | ||
| 020 | _z0761941169 | ||
| 020 | _z9780761941163 | ||
| 040 |
_aCaPaEBR _cCaPaEBR |
||
| 035 | _a(OCoLC)298072739 | ||
| 050 | 1 | 4 |
_aRA418 _b.W439 2006eb |
| 100 | 1 |
_aWhite, Kevin, _cPh. D. |
|
| 245 | 1 | 4 |
_aThe Sage dictionary of health and society _h[electronic resource] / _cKevin White. |
| 246 | 3 | 0 | _aDictionary of health and society |
| 260 |
_aLondon ; _aThousand Oaks, CA : _bSAGE, _c2006. |
||
| 300 | _axiv, 242 p. | ||
| 500 | _aIncludes index. | ||
| 533 |
_aElectronic reproduction. _bPalo Alto, Calif. : _cebrary, _d2011. _nAvailable via World Wide Web. _nAccess may be limited to ebrary affiliated libraries. |
||
| 650 | 0 |
_aSocial medicine _vDictionaries. |
|
| 650 | 0 |
_aPublic health _vDictionaries. |
|
| 655 | 7 |
_aElectronic books. _2local |
|
| 710 | 2 | _aebrary, Inc. | |
| 856 | 4 | 0 |
_uhttp://site.ebrary.com/lib/rucke/Doc?id=10256919 _zAn electronic book accessible through the World Wide Web; click to view |
| 999 |
_c13449 _d13449 |
||